• 首页
  • 本馆介绍
  • 公告通知
  • 最新文献
  • 馆藏检索
  • 电子资源
  • 读者导购
  • 参考咨询
  • 我的图书馆
  • 登录
  • 详细信息显示
  • 放入我的书架
  • 预约/预借图书
  • 作者相关作品
  • 分类相关作品
  • 丛书相关作品
  • 出版社相关作品

书目信息

  • 表格格式
  • 工作单格式
  • 卡片格式
题名:
电脑组装与硬件维修从入门到精通
    
 
作者: 刘婷 主编
分册:  
出版信息: 北京   人民邮电出版社  2021
页数: 342页
开本: 26cm
丛书名:
单 册:
中图分类: TP305
科图分类:
主题词: 电子计算机--组装 , 硬件--维修
电子资源:
ISBN: 978-7-115-54766-8
000 01430nam0 2200229 450
001 2146461693
005 20211113125114.18
010    @a978-7-115-54766-8@dCNY79.80
100    @a20210104d2021 em y0chiy50 ea
101 0  @achi
102    @aCN@b110000
105    @aa z 000yy
200 1  @a电脑组装与硬件维修从入门到精通@9dian nao zu zhuang yu ying jian wei xiu cong ru men dao jing tong@e超值版@f刘婷主编
210    @a北京@c人民邮电出版社@d2021
215    @a342页@c图@d26cm
330    @a本书以零基础讲解为宗旨,用实例引导读者学习,深入浅出地介绍了电脑选购、组装、维护与故障处理的相关知识和方法。全书分为5篇,共20章。第1篇(基础入门篇)主要介绍了电脑的组装基础和电脑内部硬件的选购;第2篇(组装实战篇)主要介绍电脑组装实战、硬盘的区分与格式化、电脑操作系统的安装、电脑性能的检测、电脑网络的连接等;第3篇(电脑维护篇)主要介绍了如何管理电脑中的软件、硬盘的维护与管理、数据的维护与修复、电脑硬件的保养等;第4篇(故障处理篇)主要介绍了电脑故障处理基础、电脑开关机故障处理、CPU与内存故障处理、主板与硬盘故障处理、其他设备故障处理、操作系统故障处理、网络故障处理等;第5篇(系统安全篇)主要介绍了电脑的优化与维护,电脑系统的备份、还原与重装等。本书附赠与图书内容同步的视频教程及所有案例的配套素材和结果文件。此外,还赠送了相关内容的视频教程和电子书,便于读者扩展学习。
606 0  @a电子计算机@x组装
606 0  @a硬件@x维修
690    @aTP305@v5
701  0 @a刘婷@9liu ting@4主编
801  0 @aCN@b91MARC@c20210121
905    @aZUCC@dTP305@e3
    
    电脑组装与硬件维修从入门到精通:超值版/刘婷主编.-北京:人民邮电出版社,2021
    342页:图;26cm
    
    
    ISBN 978-7-115-54766-8:CNY79.80
    本书以零基础讲解为宗旨,用实例引导读者学习,深入浅出地介绍了电脑选购、组装、维护与故障处理的相关知识和方法。全书分为5篇,共20章。第1篇(基础入门篇)主要介绍了电脑的组装基础和电脑内部硬件的选购;第2篇(组装实战篇)主要介绍电脑组装实战、硬盘的区分与格式化、电脑操作系统的安装、电脑性能的检测、电脑网络的连接等;第3篇(电脑维护篇)主要介绍了如何管理电脑中的软件、硬盘的维护与管理、数据的维护与修复、电脑硬件的保养等;第4篇(故障处理篇)主要介绍了电脑故障处理基础、电脑开关机故障处理、CPU与内存故障处理、主板与硬盘故障处理、其他设备故障处理、操作系统故障处理、网络故障处理等;第5篇(系统安全篇)主要介绍了电脑的优化与维护,电脑系统的备份、还原与重装等。本书附赠与图书内容同步的视频教程及所有案例的配套素材和结果文件。此外,还赠送了相关内容的视频教程和电子书,便于读者扩展学习。
●
相关链接 在五车中查询图书 在当当中查询图书 在豆瓣中查询图书


正题名:电脑组装与硬件维修从入门到精通     索取号:TP305/3         预约/预借

序号 登录号 条形码 馆藏地/架位号 状态 备注
1 2000883151   2000883151   第三书库/ [索取号:TP305/3] 在馆    
2 2000883152   2000883152   第三书库/ [索取号:TP305/3] 在馆    
3 2000883153   2000883153   第三书库/ [索取号:TP305/3] 在馆    
山东省滨州职业学院图书馆 欢迎您!
大连网信软件有限公司© 版权所有